El funcionamiento de la economía socialista: problemas generales

Guardat en:
Dades bibliogràfiques
Autor principal: Brus, Wlodzimierz (Autor)
Format: Llibre
Idioma:espanyol
Publicat: Barcelona Oikos-Tau 1978
Edició:2a. ed
Col·lecció:Libros de Economía Oikos
Matèries:
Etiquetes: Afegir etiqueta
Sense etiquetes, Sigues el primer a etiquetar aquest registre!

MARC

LEADER 00000nam a2200000 a 4500
001 UCR7946
003 CL-VaPUC
008 980519e19780000SP |||||||||||||||||spa|d
082 0 4 |a 330.124  |b BRU  |2 21 
100 0 |a Brus, Wlodzimierz  |e author  |9 409510 
245 1 3 |a El funcionamiento de la economía socialista: problemas generales 
250 |a 2a. ed 
300 |a 288 p 
942 |c BK 
945 |d 19980519 00:00:00  |a crobeson 
260 |a Barcelona  |b Oikos-Tau  |c 1978 
650 0 |a Economía social de mercado  |9 258280 
650 0 |a Socialismo  |9 255260 
650 0 |a Economía planificada  |9 341239 
650 7 |a SISTEMAS ECONOMICOS  |2 CL-VaPUC  |9 409511 
583 |a last modification  |c 19980519 00:00:00  |k Rodrigo Vera 
490 0 |a Libros de Economía Oikos 
999 |c 269521  |d 269519 
952 |0 0  |1 0  |4 0  |6 330_124000000000000_BRU_1978  |7 0  |8 A  |9 303275  |a BIBENE  |b BIBENE  |d 2019-11-20  |i 1400185  |o 330.124 BRU 1978  |p 1400185  |r 2025-01-15  |w 2019-11-20  |y BK  |k ICO